Communalism in Indian politics (Record no. 386977)

000 -LEADER
fixed length control field 00432cam a22001577a 4500
008 - FIXED-LENGTH DATA ELEMENTS--GENERAL INFORMATION
fixed length control field 180718b1998 xxu||||| |||| 00| 0 eng d
020 ## - INTERNATIONAL STANDARD BOOK NUMBER
International Standard Book Number 818696200X
082 ## - DEWEY DECIMAL CLASSIFICATION NUMBER
Classification number B1243x54 K848
100 ## - MAIN ENTRY--PERSONAL NAME
Personal name Kothari, Rajni
245 ## - TITLE STATEMENT
Title Communalism in Indian politics
Statement of responsibility, etc. by Rajni Kothari
260 ## - PUBLICATION, DISTRIBUTION, ETC.
Place of publication, distribution, etc. Ahmedabad
Name of publisher, distributor, etc. Rainbow
Date of publication, distribution, etc. 1998
300 ## - PHYSICAL DESCRIPTION
Extent 224p.
650 ## - SUBJECT ADDED ENTRY--TOPICAL TERM
Topical term or geographic name entry element Democracy - India
650 ## - SUBJECT ADDED ENTRY--TOPICAL TERM
Topical term or geographic name entry element Human rights - India
650 ## - SUBJECT ADDED ENTRY--TOPICAL TERM
Topical term or geographic name entry element Communalism - India
Holdings
Withdrawn status Lost status Damaged status Not for loan Permanent Location Current Location Date acquired Full call number Barcode Date last seen Price effective from Koha item type
        Indian Institute of Public Administration Indian Institute of Public Administration 1998-08-26 B1243x54 K848 73582 2018-07-21 2018-07-21 Book

Powered by Koha